00882nam a2200265 a 4500003000900000005001700009008004100026020001500067040002200082100001800104245008400122250001200206260005000218300002700268490003000295521002500325700002700350830003000377910001000407942001200417945002700429952010300456956004200559999001500601DO-SdBNP20180215133952.0150826s1998 sp a 000 0 spa d a8476601115 aBPMSUbspacBPMSU1 aFranco, Josep10aQuatre históries d´animals /cJosep Franco ; ilustraciones Rocío Miralles  a4a. ed. aAlzira, Valencia, España :bBromera,c1998. a77 p. :bil. ;c22 cm.0 aEl Micalet Galácticv15 aA partir de 8 años1 aMiralles, Rocíoeil. 0aEl Micalet Galácticn15 a00144 2ddccBK aInventariado, 2018/MFF 00102ddc40708CI-GaBPMETbBPMETd2017-10-25eSin sellarl0oxxxpBPMSU16040397r2016-04-13yBK aYngrid Lockwardb102YLOCKWARD8BPMSU c9746d9746